| 000 | 01316cad a22002415a 4500 | ||
|---|---|---|---|
| 001 | L152528 | ||
| 008 | 110323s2010 xxk f 000 0 eng d | ||
| 020 | _a9780580709357 | ||
| 035 | _a(Sirsi) u152528 | ||
| 041 | 0 | _aeng | |
| 110 | 2 |
_aBritish Standards Institution _9130 |
|
| 245 | 0 | 0 |
_aConstructing the business case _bbuilding information modelling _h[electronic resource] |
| 260 |
_aLondon _bBSI _c2010 |
||
| 520 | _aA detailed look at building information modelling or BIM for the construction sector, including the background and technology, a business case for construction firms of any size, definition, life before BIM, structuring information, enabling standards, the form and function of BIM, firms that use BIM, benefits and costs, case studies, software limitations, BIM as a tool for sustainability, and competitive advantage. | ||
| 590 | _aKA NTK | ||
| 650 | 2 | 4 | _aBUILDING INFORMATION MODELLING |
| 650 | 2 | 4 |
_aBIM _96219 |
| 651 | 4 | _aInternational | |
| 690 |
_aBIM _96219 |
||
| 710 | 1 | _aBuildingSMART UK | |
| 856 | 4 | 0 |
_uhttps://shop.bsigroup.com/en/Browse-by-Sector/Building--Construction/Building-Information-Modelling/ _zView the website and download this report free of charge at http://shop.bsigroup.com/en/Browse-by-Sector/Building--Construction/Building-Information-Modelling/ |
| 942 | _n0 | ||
| 999 |
_c112096 _d112096 |
||